000 00754cam a22002411a 4500
003 OSt
005 20150408114101.0
008 120215s2000 jo f 00010 ara c
020 _z995740236X
040 _aMU
_bara
_cMB
082 0 4 _a515
_bم ع أ
082 0 4 _a515
_221
100 1 _aمنصور، عوض
_94329
245 1 0 _aأسس التحليل الرياضي =
_bBasic mathematical analysis /
_cتأليف عوض منصور، عزام صبري.
246 3 1 _aBasic mathematical analysis
250 _aط. 1.
260 _aعمان، الأردن :
_bدار صفاء،
_c2000
300 _a304 ص. ؛
_c24 سم.
650 7 _aالتحليل الرياضي
_2aucsh
700 1 _aصبري، عزام
942 _2ddc
_cBOOK
999 _c26095
_d260595